<?xml version="1.0" encoding="UTF-8"?>
<record
    xmlns:xsi="http://www.w3.org/2001/XMLSchema-instance"
    xsi:schemaLocation="http://www.loc.gov/MARC21/slim http://www.loc.gov/standards/marcxml/schema/MARC21slim.xsd"
    xmlns="http://www.loc.gov/MARC21/slim">

  <leader>01021nam a22002537a 4500</leader>
  <controlfield tag="005">20240530110408.0</controlfield>
  <controlfield tag="008">150204s2011    ua     g      000 0 ara d</controlfield>
  <datafield tag="017" ind1=" " ind2=" ">
    <subfield code="a">2010/13853</subfield>
    <subfield code="b">&#x645;&#x635;&#x631; . &#x62F;&#x627;&#x631; &#x627;&#x644;&#x643;&#x62A;&#x628; &#x627;&#x644;&#x645;&#x635;&#x631;&#x64A;&#x629;</subfield>
  </datafield>
  <datafield tag="020" ind1=" " ind2=" ">
    <subfield code="a">9776223234</subfield>
  </datafield>
  <datafield tag="040" ind1=" " ind2=" ">
    <subfield code="a">EG-CaGPL</subfield>
  </datafield>
  <datafield tag="041" ind1="0" ind2=" ">
    <subfield code="a">ara</subfield>
  </datafield>
  <datafield tag="082" ind1="0" ind2="4">
    <subfield code="2">21</subfield>
    <subfield code="a">346.029\</subfield>
    <subfield code="b">&#x645; &#x648;</subfield>
  </datafield>
  <datafield tag="100" ind1="0" ind2=" ">
    <subfield code="a">&#x645;&#x62D;&#x645;&#x62F; &#x62E;&#x64A;&#x631;&#x649;</subfield>
  </datafield>
  <datafield tag="245" ind1="1" ind2="2">
    <subfield code="a">&#x627;&#x644;&#x648;&#x643;&#x627;&#x644;&#x629; &#x627;&#x644;&#x62A;&#x62C;&#x627;&#x631;&#x64A;&#x629; &#x648; &#x639;&#x642;&#x648;&#x62F; &#x646;&#x642;&#x644; &#x627;&#x644;&#x62A;&#x643;&#x646;&#x648;&#x644;&#x648;&#x62C;&#x64A;&#x627; :</subfield>
    <subfield code="b">&#x637;&#x628;&#x642;&#x627; &#x644;&#x642;&#x627;&#x646;&#x648;&#x646; &#x627;&#x644;&#x62A;&#x62C;&#x627;&#x631;&#x629; &#x627;&#x644;&#x62C;&#x62F;&#x64A;&#x62F; &#x627;&#x644;&#x648;&#x643;&#x627;&#x644;&#x629; &#x628;&#x627;&#x644;&#x639;&#x645;&#x648;&#x644;&#x629; - &#x648;&#x643;&#x627;&#x644;&#x629; &#x627;&#x644;&#x639;&#x642;&#x648;&#x62F; /</subfield>
    <subfield code="c">&#x645;&#x62D;&#x645;&#x62F; &#x62E;&#x64A;&#x631;&#x649; &#x60C; &#x633;&#x645;&#x64A;&#x631; &#x627;&#x644;&#x627;&#x645;&#x64A;&#x646;</subfield>
  </datafield>
  <datafield tag="250" ind1=" " ind2=" ">
    <subfield code="a">&#x637;1</subfield>
  </datafield>
  <datafield tag="260" ind1=" " ind2=" ">
    <subfield code="a">&#x627;&#x644;&#x645;&#x631;&#x643;&#x632; &#x627;&#x644;&#x642;&#x648;&#x645;&#x649; &#x644;&#x644;&#x627;&#x635;&#x62F;&#x627;&#x631;&#x627;&#x62A; &#x627;&#x644;&#x642;&#x627;&#x646;&#x648;&#x646;&#x64A;&#x629; &#x60C;</subfield>
    <subfield code="b">2011</subfield>
  </datafield>
  <datafield tag="300" ind1=" " ind2=" ">
    <subfield code="a">230 &#x635; &#x61B;</subfield>
    <subfield code="c">24 &#x633;&#x645;</subfield>
  </datafield>
  <datafield tag="650" ind1="0" ind2="4">
    <subfield code="a">&#x627;&#x644;&#x62A;&#x648;&#x643;&#x64A;&#x644;&#x627;&#x62A; &#x627;&#x644;&#x62A;&#x62C;&#x627;&#x631;&#x64A;&#x629;</subfield>
  </datafield>
  <datafield tag="650" ind1="0" ind2="4">
    <subfield code="a">&#x627;&#x644;&#x642;&#x627;&#x646;&#x648;&#x646; &#x627;&#x644;&#x62A;&#x62C;&#x627;&#x631;&#x649;</subfield>
  </datafield>
  <datafield tag="650" ind1="0" ind2="4">
    <subfield code="a">&#x627;&#x644;&#x639;&#x642;&#x648;&#x62F; &#x627;&#x644;&#x62A;&#x62C;&#x627;&#x631;&#x64A;&#x629;</subfield>
  </datafield>
  <datafield tag="700" ind1="0" ind2=" ">
    <subfield code="a">&#x633;&#x645;&#x64A;&#x631; &#x627;&#x644;&#x627;&#x645;&#x64A;&#x646;</subfield>
    <subfield code="e">&#x645;&#x624;&#x644;&#x641; &#x645;&#x634;&#x627;&#x631;&#x643;</subfield>
  </datafield>
  <datafield tag="942" ind1=" " ind2=" ">
    <subfield code="2">ddc</subfield>
    <subfield code="c">BK</subfield>
  </datafield>
  <datafield tag="999" ind1=" " ind2=" ">
    <subfield code="c">60391</subfield>
    <subfield code="d">60391</subfield>
  </datafield>
  <datafield tag="952" ind1=" " ind2=" ">
    <subfield code="0">0</subfield>
    <subfield code="1">0</subfield>
    <subfield code="4">0</subfield>
    <subfield code="7">0</subfield>
    <subfield code="a">CAI</subfield>
    <subfield code="b">CAI</subfield>
    <subfield code="d">2015-02-04</subfield>
    <subfield code="l">0</subfield>
    <subfield code="o">346.029\ &#x645; &#x648;</subfield>
    <subfield code="p">159427</subfield>
    <subfield code="r">2015-02-04 00:00:00</subfield>
    <subfield code="w">2015-02-04</subfield>
    <subfield code="y">BK</subfield>
  </datafield>
</record>
